Normal view
MARC view
- خميس ، اسامة محمد عطية
Entry Personal Name
001 - CONTROL NUMBER
- control field: 44820
003 - CONTROL NUMBER IDENTIFIER
- control field: JO-AjAnu
005 - DATE AND TIME OF LATEST TRANSACTION
- control field: 20230606081423.0
008 - FIXED-LENGTH DATA ELEMENTS
- fixed length control field: 230606|| aca||aabn | a|a d
040 ## - CATALOGING SOURCE
- Original cataloging agency: JO-AjAnu
- Transcribing agency: JO-AjAnu
100 ## - HEADING--PERSONAL NAME
- Personal name: خميس ، اسامة محمد عطية
670 ## - SOURCE DATA FOUND
- Source citation: Work cat.: (JO-AjAnu)22950: خميس ، اسامة محمد عطية , author, الكيانات الرقمية (المحتوى الرقمي) في المستودعات الرقمية على شبكة الانترنت ج 2 التنظيم..الاسترجاع..التصور المقترح..التجريب